Guía marítima de Chile
Zapisane w:
| 1. autor: | |
|---|---|
| Format: | Książka |
| Język: | hiszpański |
| Wydane: |
Valparaíso
Victoria
1948
|
| Hasła przedmiotowe: | |
| Etykiety: |
Dodaj etykietę
Nie ma etykietki, Dołącz pierwszą etykiete!
|
MARC
| LEADER | 00000nam a2200000 a 4500 | ||
|---|---|---|---|
| 001 | UCL6424 | ||
| 003 | CL-VaPUC | ||
| 008 | 040402e19480000CL |||||||||||||||||spa|d | ||
| 082 | 0 | 4 | |a 387.51 |b SWE |2 21 |
| 100 | 0 | |a Swett O., Ricardo |e author |9 484119 | |
| 245 | 1 | 0 | |a Guía marítima de Chile |
| 300 | |a 873 p | ||
| 942 | |c BK | ||
| 945 | |d 20040402 00:00:00 |a cmena | ||
| 260 | |a Valparaíso |b Victoria |c 1948 | ||
| 650 | 0 | |a Transporte marítimo |9 260127 | |
| 650 | 0 | |a Marina mercante |9 255383 | |
| 650 | 0 | |a Aspectos económicos |9 255165 | |
| 650 | 0 | |a Derecho comercial |9 256340 | |
| 650 | 0 | |a Puertos |9 260105 | |
| 650 | 0 | |a Barcos |9 260866 | |
| 651 | 7 | |a CHILE |2 CL-VaPUC |9 484120 | |
| 583 | |a last modification |c 20040402 00:00:00 |k Rodrigo Vera | ||
| 999 | |c 308532 |d 308530 | ||
| 952 | |0 0 |1 0 |4 0 |6 387_510000000000000_SWE_1948 |7 0 |8 X |9 375107 |a BIBHIS |b BIBHIS |d 2019-11-21 |i 3984427 |o 387.51 SWE 1948 |p 3984427 |r 2024-01-30 |w 2019-11-21 |y BK_X |k HIS | ||